Presidenti del Consiglio dei ministri della Repubblica Italiana - Statistics

Statistiche generali
  • Questo quiz è stato fatto 202 volte
  • Il punteggio medio è 24 su 31
Statistiche sulle risposte
con Immagini Risposta % Corretto
Giorgia Meloni
99%
Giuseppe Conte
99%
Mario Draghi
99%
Matteo Renzi
99%
Silvio Berlusconi
99%
Bettino Craxi
94%
Enrico Letta
93%
Giulio Andreotti
93%
Mario Monti
92%
Paolo Gentiloni
90%
Romano Prodi
90%
Aldo Moro
89%
Francesco Cossiga
86%
Alcide De Gasperi
85%
Carlo Azeglio Ciampi
81%
Massimo D'Alema
81%
Giuliano Amato
79%
Amintore Fanfani
75%
Giovanni Leone
74%
Giovanni Spadolini
70%
Antonio Segni
63%
Lamberto Dini
61%
Ciriaco De Mita
60%
Mariano Rumor
58%
Giovanni Goria
57%
Arnaldo Forlani
54%
Mario Scelba
51%
Fernando Tambroni
49%
Emilio Colombo
48%
Giuseppe Pella
47%
Adone Zoli
45%
Nessun quiz corrispondente trovato
Distribuzione punteggi
Percentuale di utenti per punteggio
Percentile per numero di risposta
I tuoi punteggi nel tempo
Non hai fatto questo quiz